000 01160cam a22001814a 4500
005 20250605164221.0
008 250528s ||||||||||||||||||||||||d
035 _a20666
040 _aGR-AtMCL
_bgre
_dGR-AtMCL
_eAACR2
245 1 _aΜηχανολογικό Εργαστήριο Ι / Υπουργείο Εθνικής Παιδείας και Θρησκευμάτων - Τεχνολογικό Εκπαιδευτικό Ίδρυμα Αθήνας - Σχολή Τεχνολογικών Εφαρμογών
260 _bΟργανισμός Εκδόσεων Διδακτικών Βιβλίων,
_c1999
300 _a366
520 _aΟργάνωση του Μηχανουργείου, Εργαλεία Μηχανουργείου, Γενικά για τις Μετρήσεις, Δίκτυα Σωληνώσεων, Εργαλεία Διάνοιξης Οπών, Συγκολλήσεις, Ηλώσεις, Καμινευτήριο, Χυτήριο, Καμπτικές Μηχανές, Κοπή Ελασμάτων, Μηχανές Διαμόρφωσης.
700 1 _aΜαυρογένης Ιωάννης Β
_96630
942 _cBK
999 _c5752
_d5752